000 02656nam a2200229Ia 4500
003 Ost
005 20260507075619.0
008 260507s9999||||xx |||||||||||||| ||und||
020 _a9789961659823
040 _cfsecg
041 _aara
082 _a658.1
100 _aمليكاوي، مولود
_eمؤلف
245 0 _aالإستراتيجية والتسيير المالي /
_c مولود مليكاوي
260 _aالجزائر:
_bدار هومة للطباعة والنشر والتوزيع,
_c2018
300 _a350 صفحة؛
_bإيضاحات ؛
_c23 سم
504 _aالمراجع ص.347
520 _aعالج الكاتب موضوع الاستراتيجية والتسيير المالي من خلال بابين رئيسيين، حيث يحتوي الباب الأول على 13 فصلا معنونا كالآتي: (السياسة المالية، الاستراتيجية المالية للمؤسسة، التشخيص الاستراتيجي للوضعية المالية للمؤسسة ، المقاييس الحديثة في تقييم الأداء المالي، المؤشرات المالية واستراتيجيات المؤسسة، تحليل التدفقات المالية وأبعادها الاستراتيجية، تكلفة التمويل واهميتها الاستراتيجية، القرارات المالية الاستراتيجية وأثرها في تحديد الخيار الاستراتيجي، القرارات التمويلية الاستراتيجية وأثرها على قيمة المؤسسة، النظريات المفسرة لتأثير الهيكل المالي على قيمة المؤسسة، آليات الاختيار الإستراتيجي للهيكل المالي، استراتيجيات الإدارة المالية للحد من مخاطر التعثر المالي، واخيرا إدارة المشتقات المالية) ، أما الباب الثاني فقد قسم إلى 10 فصول معنونة كالآتي : (مفهوم التحليل المالي، القوائم المالية المستخدمة في التحليل المالي، التحليل المالي باستخدام النسب المالية، التحليل المالي الديناميكي، الأرصدة الوسيطة للتسيير ، مخطط التمويل ، الميزانية الوظيفية، الاحتياج في رأس المال العامل المعياري، القدرة على التمويل الذاتي، تسيير مخاطر الاستثمار المالي)
653 _aالإستراتيجية المالية
653 _aمالية المؤسسة
942 _cكتاب
999 _c45128
_d45128